Every Kong from Donkey Kong - Statistics

General Stats
  • This quiz has been taken 186 times
  • The average score is 8 of 19
Answer Stats
First appearence Answer % Correct
Donkey Kong Country Donkey Kong
99%
Donkey Kong Country Diddy Kong
93%
Donkey Kong Jr Donkey Kong Jr
78%
Donkey Kong Cranky Kong
71%
Donkey Kong Country 2: Diddy's Kong Quest Dixie Kong
70%
Donkey Kong Country Funky Kong
69%
Donkey Kong Country Candy Kong
49%
Donkey Kong 64 Lanky Kong
48%
Donkey Kong 64 Chunky Kong
46%
Donkey Kong 64 Tiny Kong
45%
Donkey Kong Country 3: Dixie Kong's Double Trouble Kiddy Kong
36%
Donkey Kong Country 2: Diddy's Kong Quest Wrinkly Kong
27%
The animated series Baby Kong
25%
Donkey Kong Country 2: Diddy's Kong Quest Swanky Kong
20%
The animated series Bluster Kong
16%
Donkey Kong Jungle Beat Karate Kong
11%
Donkey Kong Jungle Beat Ninja Kong
11%
Donkey Kong Jungle Beat Dread Kong
10%
Donkey Kong Jungle Beat Sumo Kong
8%
No matching quizzes found
Score Distribution
Percent of People with Each Score
Percentile by Number Answered
Your Score History
You have not taken this quiz